El nombre del Perú / (Record no. 22445)

000 -CABECERA
campo de control de longitud fija 00624nam a22002057a 4500
003 - IDENTIFICADOR DEL NÚMERO DE CONTROL
campo de control OSt
005 - FECHA Y HORA DE LA ÚLTIMA TRANSACCIÓN
campo de control 20220818095936.0
008 - DATOS DE LONGITUD FIJA--INFORMACIÓN GENERAL
campo de control de longitud fija 180228s2017 pe 000 0 spa
020 ## - NÚMERO INTERNACIONAL ESTÁNDAR DEL LIBRO
Número Internacional Estándar del Libro 9786124722110
040 ## - FUENTE DE LA CATALOGACIÓN
Centro/agencia transcriptor Biblioteca Municipal de Cusco
082 ## - NÚMERO DE LA CLASIFICACIÓN DECIMAL DEWEY
Número de clasificación 985.001/P78
Notación interna P78
100 ## - ENTRADA PRINCIPAL--NOMBRE DE PERSONA
Nombre de persona Porras Barrenechea, Raúl
Fechas asociadas al nombre 1897-1960
9 (RLIN) 48210
245 ## - MENCIÓN DE TÍTULO
Título El nombre del Perú /
Mención de responsabilidad, etc. Raúl Porras Barrenechea
250 ## - MENCIÓN DE EDICIÓN
Mención de edición Segunda edición
260 ## - PUBLICACIÓN, DISTRIBUCIÓN, ETC.
Lugar de publicación, distribución, etc. Lima :
Nombre del editor, distribuidor, etc. Lápix Editores,
Fecha de publicación, distribución, etc. 2016.
300 ## - DESCRIPCIÓN FÍSICA
Extensión 87 p. :
Otras características físicas mapas ;
Dimensiones 21 cm.
650 ## - PUNTO DE ACCESO ADICIONAL DE MATERIA--TÉRMINO DE MATERIA
Término de materia o nombre geográfico como elemento de entrada Nombres geográficos
Subdivisión geográfica Perú
9 (RLIN) 48211
651 ## - PUNTO DE ACCESO ADICIONAL DE MATERIA--NOMBRE GEOGRÁFICO
Nombre geográfico Perú
Subdivisión general Nombre
9 (RLIN) 48212
942 ## - ELEMENTOS DE PUNTO DE ACCESO ADICIONAL (KOHA)
Fuente del sistema de clasificación o colocación
Tipo de ítem Koha Libros-BMC
Holdings
Estado de retiro Estado de pérdida Fuente del sistema de clasificación o colocación Estado dañado No para préstamo Localización permanente Ubicación/localización actual Fecha de adquisición Coste, precio normal de compra Signatura topográfica completa Código de barras Fecha visto por última vez Coste, precio de reemplazo Precio válido a partir de Tipo de ítem Koha
          Sala Humanidades Sala Humanidades 2022-08-18 0.00 985.001/P78 SH0000016333 2022-08-18 35.00 2022-08-18 Libros-BMC
          Sala Humanidades Sala Humanidades 2022-08-18 0.00 985.001/P78/e.2 SH0000016334 2022-08-18 35.00 2022-08-18 Libros-BMC

Powered by Koha